Pays les plus consultés sur Wikipédia - Statistiques

Statistiques générales
  • Ce quiz a été pris 180 fois
  • Le résultat moyen est 10 sur 12
Statistiques - réponses
Réponse % Correct
Chine
99%
Etats-Unis
99%
France
99%
Russie
96%
Canada
95%
Japon
95%
Allemagne
92%
Australie
90%
Royaume-Uni
90%
Inde
86%
Israël
31%
Singapour
12%
Aucun quiz correspondant
Distribution des résultats
% des personnes avec chaque résultat
Percentile par nombre de réponses
Votre historique - résultats
Vous n’avez pas pris ce quiz